| 000 | 00859nas a2200301 4500 | ||
|---|---|---|---|
| 001 | BR0404168 | ||
| 003 | BR-BrBNA | ||
| 005 | 20231205104815.0 | ||
| 007 | ta | ||
| 008 | 230509b bl.|||p| |||| 00| 00por d | ||
| 040 |
_aBR-BrBNA _bpor _cBiblioteca Nacional de Agricultura |
||
| 041 | _a(Pt) | ||
| 072 | _aL73 | ||
| 100 | 1 | _aVeríssimo, C.J. | |
| 100 | 1 | _aAlves Junior, M. | |
| 100 | 1 | _aAbbá, M. | |
| 100 | 1 | _aLemos Neto, M.J. | |
| 245 | 1 | _aDiagnóstico de hidatidose ovina no Estado de São Paulo: relato de caso | |
| 650 | _aOVINO | ||
| 650 | _aHIDATIDOSE | ||
| 650 | _aZOONOSE | ||
| 650 | _aCONTROLE QUÍMICO | ||
| 650 | _aDOENÇA ANIMAL | ||
| 650 | _aSÃO PAULO | ||
| 773 | 0 |
_tHigiene Alimentar (Brazil) _xISSN 0101-9171 _g(Apr 2004), v. 18(119) p. 40-43 _wBR0404168 |
|
| 909 |
_a202311 _bLúcia _c55 _dLúcia Elande |
||
| 942 |
_2AGRIS _n0 _cANA |
||
| 999 |
_c179769 _d179769 |
||